75 rokov Slovenského učiteľa

Slovenský učiteľ ako jediný pedagogický časopis, ktorý uverejňoval pedagogicko-metodické pokyny a informácie. Časopis vydával Zemský učiteľský spolok a neskôr Krajinský katolícky učiteľský spolok. Vychádzal v období 1. ČSR.

Podrobná bibliografia
Hlavný autor: Janek, Jozef, 1912-1999 (Autor)
Médium: Článok
Jazyk:slovenčina
Predmet:

MARC

LEADER 00000nab a2200000 a 4500
001 vtls001498322
003 SK-MaSNL
005 20260304170635.0
008 050224s1995 xo 000 0 slo
035 |a SPKCL1132 
040 |a SPKCL  |b slo  |c SNKBUCL  |d ÚIP-SPK(KG)  |e AACR2 
041 |a slo 
044 |a xo  |c SK 
080 |a 371.12(437.6):05(437.6)  |2 1981 
080 |a 371  |2 1981 
100 1 |a Janek, Jozef,  |d 1912-1999  |4 aut  |9 38567 
245 1 0 |a 75 rokov Slovenského učiteľa  |c Jozef Janek 
520 |a Slovenský učiteľ ako jediný pedagogický časopis, ktorý uverejňoval pedagogicko-metodické pokyny a informácie. Časopis vydával Zemský učiteľský spolok a neskôr Krajinský katolícky učiteľský spolok. Vychádzal v období 1. ČSR. 
630 0 7 |a Slovenský učiteľ (časopis)  |2 snkbucl  |9 782899 
655 7 |a BZB  |2 snkbucl  |9 1080216 
773 1 |t Dejiny školstva v slovenskej pedagogickej časopiseckej tvorbe,  |g ÚIPŠMT s. 92-99 
850 |a Slovenská pedagogická knižnica Bratislava 
852 |a SPKCL  |b KIS3GCP  |b 000710000  |n SK 
999 |c 2989697  |d 2991627